000 00429nam a22001697a 4500
003 MPLRDC
005 20220104144551.0
008 210129b ||||| |||| 00| 0 eng d
082 _a947.47 TZBEX-62 v.17
100 _a藤子不二雄原著
245 _a机器猫. 17
_c
260 _a
_b儿童美术出版社
_c
300 _b
490 _a机器猫. 17
650 _a哆啦A梦漫画
942 _cBK
_o947.47 TZBEX-62 v.17
999 _c50868
_d50858